| 000 | 00640nam a2200193 4500 | ||
|---|---|---|---|
| 001 | 138185 | ||
| 003 | ES-MaACL | ||
| 005 | 20230906195523.0 | ||
| 007 | t| | ||
| 008 | 070214q1918 sp r ||||1| spa d | ||
| 080 | _a593.65 | ||
| 100 | 1 |
_aSánchez y Sánchez, Manuel. _9102996 |
|
| 245 | 1 | 0 |
_aEstructura del mesodermo de las actinias / _cManuel Sánchez y Sánchez. |
| 260 |
_a[S. l. : _bs. n., _c19__?] |
||
| 500 | _aPublicado en: Boletín de la Sociedad Española de Biología, año VIII, mayo-junio 1918. | ||
| 650 | 4 |
_aAnémonas de mar. _9142442 |
|
| 710 | 2 |
_aSociedad Española de Biología. _96711 |
|
| 852 |
_aES-MaACL _j1525-F-1 |
||
| 999 |
_c138185 _d138185 |
||